000
00207 a2200097 4500
001
45952
100
_a
Snead S
245
_a
SAM Snead on Golf
260
_a
London
_b
Nicholas Kaye
_c
090
_c
29069
_d
29069
942
_a
NUST-CAE
_c
M
_c
21190
999
_c
281025
_d
281025